000 00992cam a2200253 4500
001 J88770
008 090401t1997 xxu||||| |||| 00| 0 eng d
035 _a(Sirsi) u83159
041 _aeng
050 _a658.8096925
110 _aBuilding Profile Research
_93576
245 4 _aThe Building Profile survey on marketing RICS members` services in the UK: a survey of the marketing activities of UK surveying practices. Published December 1997.
260 _aCheltenham
_bBuilding Profile Research
_c1997
300 _a67p. ; 30cm.
350 _a98
520 _aAimed at quantity surveyors and based on a questionnaire sent out to a sample of RICS members, the report also includes a marketing guide with lists of photographers, PR consultants and presentation training companies.
650 _aMARKETING
650 _aQUANTITY SURVEYING FIRMS
650 _aQUANTITY SURVEYORS
650 _aRICS FIRMS
690 _aQuantity surveying
_96263
942 _n0
948 _c19/01/1998
999 _c96867
_d96867